Sinai and the Monastery of St. Catherine; (Record no. 45922)

MARC details
000 -LEADER
fixed length control field 00735cam a22002411 4500
001 - CONTROL NUMBER
control field ne 63001068
003 - CONTROL NUMBER IDENTIFIER
control field DLC
005 - DATE AND TIME OF LATEST TRANSACTION
control field 20260227111746.0
008 - FIXED-LENGTH DATA ELEMENTS--GENERAL INFORMATION
fixed length control field 791126s1962 ua a 000 0 eng
010 ## - LIBRARY OF CONGRESS CONTROL NUMBER
LC control number ne 63001068
025 ## - OVERSEAS ACQUISITION NUMBER
Overseas acquisition number PL480:UAR-2192
035 ## - SYSTEM CONTROL NUMBER
System control number (OCoLC)5728751
040 ## - CATALOGING SOURCE
Original cataloging agency DLC
Transcribing agency MChB
Modifying agency DLC
043 ## - GEOGRAPHIC AREA CODE
Geographic area code f-ua---
050 00 - LIBRARY OF CONGRESS CALL NUMBER
Classification number DS110.5
Item number .B34 1962
100 1# - MAIN ENTRY--PERSONAL NAME
Personal name Bassili, William Farid.
245 10 - TITLE STATEMENT
Title Sinai and the Monastery of St. Catherine;
Remainder of title a practical guide for travellers.
250 ## - EDITION STATEMENT
Edition statement 4th ed.,
Remainder of edition statement fully rev. with illus. and maps.
260 ## - PUBLICATION, DISTRIBUTION, ETC.
Place of publication, distribution, etc. [Cairo]
Date of publication, distribution, etc. 1962.
300 ## - PHYSICAL DESCRIPTION
Extent 186 p.
Other physical details illus.
Dimensions 19 cm.
651 #0 - SUBJECT ADDED ENTRY--GEOGRAPHIC NAME
Geographic name Sinai (Egypt)
Form subdivision Guidebooks.
610 20 - SUBJECT ADDED ENTRY--CORPORATE NAME
Corporate name or jurisdiction name as entry element Saint Catherine (Monastery : Mount Sinai)
Form subdivision Guidebooks.

No items available.

Powered by Koha